The data handbook : (Record no. 8490)

MARC details
000 -LEADER
fixed length control field 00932cac a22002651u 4500
090 ## - LOCALLY ASSIGNED LC-TYPE CALL NUMBER (OCLC); LOCAL CALL NUMBER (OCLC)
-- 8490
008 - FIXED-LENGTH DATA ELEMENTS--GENERAL INFORMATION
fixed length control field 081029t1995 xxu||||| |||| 00| 0 eng d
010 ## - LIBRARY OF CONGRESS CONTROL NUMBER
LC control number 95164160
020 ## - INTERNATIONAL STANDARD BOOK NUMBER
International Standard Book Number 0387945059
082 00 - DEWEY DECIMAL CLASSIFICATION NUMBER
Classification number 001.422
Item number FOR
100 ## - MAIN ENTRY--PERSONAL NAME
Personal name Fortner, Brand,
245 14 - TITLE STATEMENT
Title The data handbook :
Remainder of title a guide to understanding the organization and visualization of technical data /
Statement of responsibility, etc Brand Fortner ; illustrations by Eric Pervukhin.
250 ## - EDITION STATEMENT
Edition statement 2nd ed.
260 ## - PUBLICATION, DISTRIBUTION, ETC. (IMPRINT)
Place of publication, distribution, etc Santa Clara, Calif. :
Name of publisher, distributor, etc TELOS,
Date of publication, distribution, etc c1995.
300 ## - PHYSICAL DESCRIPTION
Extent xxvii, 350 p. :
Other physical details ill. ;
Dimensions 25 cm.
500 ## - GENERAL NOTE
General note distributer: Al-ahram
504 ## - BIBLIOGRAPHY, ETC. NOTE
Bibliography, etc Includes bibliographical references and index.
511 ## - PARTICIPANT OR PERFORMER NOTE
Participant or performer note catalogueby: wessam
650 #0 - SUBJECT ADDED ENTRY--TOPICAL TERM
Topical term or geographic name as entry element Data structures (Computer science)
650 #0 - SUBJECT ADDED ENTRY--TOPICAL TERM
Topical term or geographic name as entry element Computer graphics.
650 #0 - SUBJECT ADDED ENTRY--TOPICAL TERM
Topical term or geographic name as entry element Visualization.
700 ## - ADDED ENTRY--PERSONAL NAME
Personal name Pervukhin, Eric
942 ## - ADDED ENTRY ELEMENTS (KOHA)
Item type Book - Borrowing
Call number prefix 001.422FOR
Source of classification or shelving scheme Dewey Decimal Classification
Holdings
Withdrawn status Item status Damaged status Not for loan Home library Current library Shelving location Date acquired Source of acquisition Total Checkouts Full call number Barcode Date last seen Koha item type
        Central Library Central Library Lower Floor 08/03/2010 Purchase   001.422FOR 000009923 15/07/2025 Book - Borrowing